Statistics for Hearthstone Quotes

Click here to take the quiz!

General Stats

  • This quiz has been taken 40 times
    (31 since last reset)
  • The average score is 18 of 48

Answer Stats

QuoteMinion% Correct
Leeroy Jenkins!Leeroy Jenkins
91%
Hello Hello Hello.Annoy-O-Tron
78%
The end is coming!Doomsayer
74%
Do you like to play with fire?Wild Pyromancer
74%
You require my assistance.Archmage Antonidas
65%
My dreaming ends; your nightmare begins.C'thun
65%
Is someone injured?Northshire Cleric
65%
Someday I'll be just like you!Sorcerer's Apprentice
57%
I have no time for games.Sylvanas Windrunner
57%
You are not prepared.Illidan Stormrage
52%
I can take the hit.Shield Maiden
52%
This guy's toast.SI:7 Agent
52%
Pay attention class!Violet Teacher
52%
Get in there and fight maggot.Abusive Sergeant
48%
Your magic will not save you.Spellbreaker
48%
Mrglmrhglhlmrghlmr!Any murloc ever ;p
43%
By the power of Ragnaros, I have the power!Emperor Thaurisan
43%
Welcome to the Grand Tournament champion.Justicar Trueheart
43%
Chuggah Chuggah Chuggah.Snow Chugger
43%
Special delivery!Bomb Lobber
39%
Such big teeth I have.Kindly Grandmother
39%
We hunger for vengeanceBloodmage Thalnos
35%
C'thun! C'thun! C'thun!Disciple of C'thun
35%
You smell like a leper gnome!Evil Heckler
35%
Behold the rage of the Firelands!Fandral Staghelm
35%
To arms men!Quartermaster
35%
Small in size, huge in evil.Tiny Knight of Evil
35%
Follow the rules.Aldor Peacekeeper
30%
Armor made to order.Armorsmith
30%
Do you have the artifacts?Elise Starseeker
30%
The gates are open.Lord of the Arena
30%
Ah get it out! Cut it out!Possessed Villager
30%
So many wonderful poisons.Xaril, Poisoned Mind
30%
Get back to work!Cruel Taskmaster
26%
Why do you call?Voidcaller
26%
I'm a master of magic!Dalaran Mage
22%
Blade be tasty.Frothing Berserker
22%
Someday I'll be a real knight!Lowly Squire
22%
Did you bring some fish?Tuskarr Totemic
22%
It's getting hot in here.Flame Juggler
17%
Ah! Stop yelling!Imp Gang Boss
17%
Elune guide my lance.Darnassus Aspirant
13%
I got the beast in my sights.Hemet Nesingwary
13%
Once upon a time.Netherspite Historian
9%
I wield the power of Blackwing.Blackwing Corrupter
4%
Just a pinch of ichor.Darkshire Alchemist
0%
I protect the swarmKlaxxi Amber-Weaver
0%
Are you mocking me?Wyrmrest Agent
0%

Score Distribution

Percentile by Number Answered

Percent of People with Each Score

Your Score History

You have not taken this quiz since the last reset